Az Invitel kisvállalati portfóliójának bevezetése és hatásának értékelése

Bibliographic Details
Main Author: Göndöcs Maja
Other Authors: Kopcsay Dr. László
Format: Thesis
Kulcsszavak:Invitel Távközlési Zrt.
Kisvállalati szegmens
Online Access:http://dolgozattar.uni-bge.hu/3812

MARC

LEADER 00000nta a2200000 i 4500
001 dolg3812
005 20160525090325.0
008 151207suuuu hu om 000 hun d
040 |a BGE Dolgozattár Repozitórium  |b hun 
041 |a hu 
100 1 |a Göndöcs Maja 
245 1 3 |a Az Invitel kisvállalati portfóliójának bevezetése és hatásának értékelése  |c Göndöcs Maja  |h [elektronikus dokumentum] 
695 |a Invitel Távközlési Zrt. 
695 |a Kisvállalati szegmens 
700 1 |a Kopcsay Dr. László  |e ths 
856 4 0 |u http://dolgozattar.uni-bge.hu/3812/1/Szakdolgozat%20-%20G%C3%B6nd%C3%B6cs%20Maja.pdf  |z Dokumentum-elérés